Prehistory and protohistory of India : an appraisal : palaeolithic--non-Harappan chalcolithic cultures /

Contributed articles on the concept of life according to various religions and sacred works.

Bibliographic Details
Main Author: Jain, V. K. (Vardhman Kumar)
Format: Book
Language:English
Published: New Delhi : D.K. Printworld, 2006.
Series:Perspectives in Indian art & archaeology ; no. 7.
Subjects:

MARC

Tag First Indicator Second Indicator Subfields
LEADER 00000cam a2200000 a 4500
001 in00002534607
005 20151113131505.0
008 060817s2006 ii ab b 001 0 eng
010 |a  2006413596 
020 |a 8124603723 (bound) 
020 |a 9788124603727 (bound) 
020 |a 8124603731 (pbk.) 
020 |a 9788124603734 (pbk.) 
025 |a I-E-2006-413596; 59-13 
029 1 |a AU@  |b 000040741002 
029 1 |a NLGGC  |b 312805632 
035 |a (OCoLC)ocm71237785 
035 |a (OCoLC)71237785 
037 |b Library of Congress -- New Delhi Overseas Office  |c Rs400.00 ($20.00 U.S.) 
040 |a DLC  |c DLC  |d BTCTA  |d IXA  |d NLGGC  |d SINLB  |d DKAGE  |d OCLCQ  |d TOZ  |d UtOrBLW 
042 |a lcode  |a pcc 
043 |a a-ii--- 
049 |a TXAM 
050 0 0 |a DS418  |b .J35 2006 
082 0 4 |a 934  |2 22 
084 |a 15.32  |2 bcl 
100 1 |a Jain, V. K.  |q (Vardhman Kumar) 
245 1 0 |a Prehistory and protohistory of India :  |b an appraisal : palaeolithic--non-Harappan chalcolithic cultures /  |c V.K. Jain ; foreword, D.N. Jha. 
264 1 |a New Delhi :  |b D.K. Printworld,  |c 2006. 
300 |a xv, 213 pages :  |b illustrations, maps ;  |c 22 cm. 
336 |a text  |b txt  |2 rdacontent 
337 |a unmediated  |b n  |2 rdamedia 
338 |a volume  |b nc  |2 rdacarrier 
490 1 |a Perspectives in Indian art & archaeology,  |x 0971-4723 ;  |v 7 
504 |a Includes bibliographical references (pages [199]-206) and index. 
520 |a Contributed articles on the concept of life according to various religions and sacred works. 
651 0 |a India  |x Antiquities. 
651 0 |a India  |x Civilization  |y To 1200. 
650 0 |a Prehistoric peoples  |z India. 
650 0 |a Protohistory. 
650 0 |a Stone age  |z India. 
650 0 |a Copper age  |z India. 
650 0 |a Excavations (Archaeology)  |z India. 
830 0 |a Perspectives in Indian art & archaeology ;  |v no. 7. 
938 |a Baker and Taylor  |b BTCP  |n 2006413596 
938 |a D.K. Agencies (P) Ltd.  |b DKAP  |n DKHIN-29997-HBD 
948 |a cataloged  |b h  |c 2010/2/3  |d c  |e ceaton  |f 11:11:24 am 
994 |a C0  |b TXA 
999 |a MARS 
999 f f |s 089ab6ec-da01-3887-8da2-d8c97dd5d964  |i 52346057-4f17-3875-9edf-693fa37bc5ee  |t 0 
952 f f |p ric  |a Texas A&M University  |b Rellis Campus  |c Joint Library Facility  |d Remote Storage  |t 0  |e DS418 .J35 2006  |h Library of Congress classification  |i unmediated -- volume  |m A14838031901 
998 f f |a DS418 .J35 2006  |t 0  |l Remote Storage